[Event "Titled Tuesday intern op 02nd Nov"]
[Site "Chess.com INT"]
[Date "2021.11.02"]
[Round "10"]
[White "Navalgund, Niranjan"]
[Black "Ulko, Jaroslav"]
[Result "0-1"]
[WhiteElo "2289"]
[BlackElo "2437"]
[PlyCount "56"]
[EventDate "2021.11.02"]
[EventType "swiss (blitz)"]
[EventRounds "11"]
[EventCountry "USA"]
[SourceTitle "CBM 205 Extra"]
[Source "ChessBase"]
[SourceDate "2022.01.31"]
[SourceVersion "1"]
[SourceVersionDate "2022.01.31"]
[SourceQuality "1"]

1. e4 c5 2. d4 cxd4 3. c3 dxc3 4. Nf3 d6 5. Bc4 e6 6. 0-0 Nc6 7. Nxc3 a6 8. Bf4 Be7 9. Qe2 e5 10. Be3 Bg4 11. h3 Bh5 12. Nd5 Rc8 13. Rfd1 Nf6 14. Nxe7 Qxe7 15. g4 Bg6 16. Bg5 h6 17. Bh4 Bh7 18. Rac1 g5 19. Nxg5 hxg5 20. Bxg5 Rg8 21. Bh4 Nd4 22. Rxd4 exd4 23. Qf3 Bxe4 24. Qf4 Qe5 25. Qd2 Nxg4 26. Bg3 Nxf2 27. Qxf2 Rxg3+ 28. Kf1 Rf3 0-1

[Event "Speed Chess Super Swiss"]
[Site "Chess.com INT"]
[Date "2021.10.16"]
[Round "14"]
[White "Ulko, Jaroslav"]
[Black "Mogirzan, Matei Valeriu"]
[Result "1-0"]
[WhiteElo "2437"]
[BlackElo "1813"]
[PlyCount "73"]
[EventDate "2021.10.16"]
[EventType "swiss (blitz)"]
[EventRounds "15"]
[EventCountry "USA"]
[SourceTitle "CBM 204 Extra"]
[Source "ChessBase"]
[SourceDate "2021.11.30"]
[SourceVersion "1"]
[SourceVersionDate "2021.11.30"]
[SourceQuality "1"]

1. d4 e5 2. dxe5 Bc5 3. Nf3 d6 4. exd6 Ne7 5. Nc3 cxd6 6. Ne4 0-0 7. Nxc5 dxc5 8. Qxd8 Rxd8 9. g3 Nbc6 10. c3 Bf5 11. Bg2 Rac8 12. 0-0 b5 13. Be3 c4 14. Nd4 Nxd4 15. Bxd4 Nc6 16. e3 Nxd4 17. exd4 b4 18. Rfe1 bxc3 19. bxc3 Kf8 20. Re5 Bd3 21. Rae1 Re8 22. Rxe8+ Rxe8 23. Rxe8+ Kxe8 24. Bf1 Kd7 25. Bxd3 cxd3 26. Kf1 Kc6 27. c4 Kb6 28. Ke1 Ka5 29. Kd2 Ka4 30. d5 f5 31. d6 f4 32. d7 fxg3 33. hxg3 Ka3 34. d8Q Kb2 35. Qxd3 g5 36. Qb3+ Ka1 37. Kc1 1-0

[Event "Titled Tuesday intern op 31st Aug"]
[Site "Chess.com INT"]
[Date "2021.08.31"]
[Round "5"]
[White "Bacrot, Etienne"]
[Black "Ulko, Jaroslav"]
[Result "1-0"]
[WhiteElo "2672"]
[BlackElo "2437"]
[PlyCount "55"]
[EventDate "2021.08.31"]
[EventType "swiss (blitz)"]
[EventRounds "11"]
[EventCountry "USA"]
[SourceTitle "EXT 2022"]
[Source "ChessBase"]
[SourceDate "2021.10.06"]
[SourceVersion "1"]
[SourceVersionDate "2021.10.06"]
[SourceQuality "1"]

1. e4 c5 2. Nf3 e6 3. g3 Nc6 4. Bg2 Nf6 5. Nc3 e5 6. d3 h6 7. 0-0 d6 8. Nh4 g6 9. f4 exf4 10. gxf4 Bg4 11. Qe1 Nd4 12. e5 dxe5 13. fxe5 Nh5 14. Ne4 Nxc2 15. Qf2 Qd4 16. Rb1 Qxf2+ 17. Nxf2 Bc8 18. Bd2 Be7 19. Nf3 Be6 20. Rbc1 Nb4 21. a3 Nc6 22. Ne4 Kf8 23. Nxc5 Kg7 24. Nxb7 Rac8 25. Nd6 Bxd6 26. exd6 Rhd8 27. Bc3+ Kh7 28. Ne5 1-0

[Event "Titled Tuesday intern op 31st Aug"]
[Site "Chess.com INT"]
[Date "2021.08.31"]
[Round "6"]
[White "Ulko, Jaroslav"]
[Black "Tomiello, Mateus Costamilan"]
[Result "0-1"]
[WhiteElo "2437"]
[BlackElo "2042"]
[PlyCount "102"]
[EventDate "2021.08.31"]
[EventType "swiss (blitz)"]
[EventRounds "11"]
[EventCountry "USA"]
[SourceTitle "EXT 2022"]
[Source "ChessBase"]
[SourceDate "2021.10.06"]
[SourceVersion "1"]
[SourceVersionDate "2021.10.06"]
[SourceQuality "1"]

1. d4 Nf6 2. Nf3 d5 3. c4 c6 4. Nc3 e6 5. Bg5 h6 6. Bxf6 Qxf6 7. e3 Nd7 8. Qc2 Qd8 9. Bd3 Nf6 10. 0-0 Be7 11. Rad1 0-0 12. Ne5 a5 13. cxd5 exd5 14. h3 Bd6 15. f4 Re8 16. g4 h5 17. g5 Ne4 18. Qg2 Bxe5 19. dxe5 Nxc3 20. bxc3 g6 21. c4 Qb6 22. cxd5 Qxe3+ 23. Kh2 cxd5 24. Bb5 Rd8 25. Rxd5 Rxd5 26. Qxd5 Qxh3+ 27. Kg1 Qg3+ 28. Qg2 Qxg2+ 29. Kxg2 Be6 30. Rc1 Rc8 31. Rd1 Rc2+ 32. Kg3 Rxa2 33. Rd8+ Kg7 34. Rb8 Bd5 35. Rd8 Ra3+ 36. Kh2 Be6 37. Rb8 h4 38. Rxb7 Ra2+ 39. Kg1 h3 40. Bc6 h2+ 41. Kh1 Rc2 42. Be4 Re2 43. Bc6 Rf2 44. Ra7 Rxf4 45. Kxh2 Rf5 46. Rxa5 Rxg5 47. Bf3 Rf5 48. Kg3 g5 49. Bg4 Rf4 50. Bxe6 fxe6 51. Ra8 Kg6 0-1

[Event "Titled Tuesday intern op 24th Aug"]
[Site "Chess.com INT"]
[Date "2021.08.24"]
[Round "8"]
[White "Ulko, Jaroslav"]
[Black "Eynullayev, Altay Elshan"]
[Result "1-0"]
[WhiteElo "2437"]
[BlackElo "2227"]
[PlyCount "33"]
[EventDate "2021.08.24"]
[EventType "swiss (blitz)"]
[EventRounds "11"]
[EventCountry "USA"]
[SourceTitle "EXT 2022"]
[Source "ChessBase"]
[SourceDate "2021.10.06"]
[SourceVersion "1"]
[SourceVersionDate "2021.10.06"]
[SourceQuality "1"]

1. d4 Nf6 2. Nf3 e6 3. c4 b6 4. a3 Ba6 5. e3 d5 6. Nbd2 Be7 7. b3 0-0 8. Bb2 c5 9. Bd3 Nc6 10. 0-0 Na5 11. Rc1 Rc8 12. Re1 h6 13. Ne5 Nd7 14. Nxd7 Qxd7 15. dxc5 bxc5 16. Qg4 f6 17. Qg6 1-0

[Event "Titled Tuesday intern op 10th Aug"]
[Site "Chess.com INT"]
[Date "2021.08.10"]
[Round "5"]
[White "Andreikin, Dmitry"]
[Black "Ulko, Jaroslav"]
[Result "1-0"]
[WhiteElo "2724"]
[BlackElo "2437"]
[PlyCount "79"]
[EventDate "2021.08.10"]
[EventType "swiss (blitz)"]
[EventRounds "11"]
[EventCountry "USA"]
[SourceTitle "CBM 203 Extra"]
[Source "ChessBase"]
[SourceDate "2021.09.30"]
[SourceVersion "1"]
[SourceVersionDate "2021.09.30"]
[SourceQuality "1"]

1. e4 e5 2. Nf3 d6 3. d4 exd4 4. Nxd4 Nf6 5. Nc3 Be7 6. g3 0-0 7. Bg2 Bg4 8. Qd2 Nc6 9. h3 Bd7 10. Nf5 Bxf5 11. exf5 d5 12. 0-0 d4 13. Ne2 Bb4 14. Qd3 Re8 15. Bg5 h6 16. Bxf6 Qxf6 17. Nf4 Rad8 18. Qb5 Bd2 19. Nd3 Ne5 20. Rad1 Qxf5 21. Kh1 c6 22. Qxb7 Nxd3 23. Rxd2 Ne5 24. Qb3 c5 25. f4 Ng6 26. g4 Qf6 27. f5 Ne5 28. Qa4 h5 29. gxh5 Qg5 30. Re2 Re7 31. f6 gxf6 32. Qa3 Qxh5 33. Qg3+ Kh8 34. Rxf6 Rg8 35. Qe1 Ng4 36. Rxe7 Nxf6 37. Re5 Qg6 38. Qh4+ Nh7 39. Re2 Kg7 40. Be4 1-0

[Event "Titled Tuesday intern op 03rd Aug"]
[Site "Chess.com INT"]
[Date "2021.08.03"]
[Round "6"]
[White "Ulko, Jaroslav"]
[Black "Lopez Gracia, Fernando"]
[Result "1-0"]
[WhiteElo "2437"]
[BlackElo "2289"]
[PlyCount "67"]
[EventDate "2021.08.03"]
[EventType "swiss (blitz)"]
[EventRounds "11"]
[EventCountry "USA"]
[SourceTitle "CBM 203 Extra"]
[Source "ChessBase"]
[SourceDate "2021.09.30"]
[SourceVersion "1"]
[SourceVersionDate "2021.09.30"]
[SourceQuality "1"]

1. d4 Nf6 2. Nf3 e6 3. c4 c5 4. d5 d6 5. Nc3 exd5 6. cxd5 g6 7. g3 Bg7 8. Bg2 0-0 9. 0-0 a6 10. a4 Re8 11. Bf4 Qe7 12. Re1 Nbd7 13. e4 Nh5 14. Bg5 f6 15. Bd2 Ne5 16. Nxe5 fxe5 17. a5 Bd7 18. Na4 Bxa4 19. Rxa4 Reb8 20. b4 c4 21. Bh3 Nf6 22. Qe2 Rc8 23. Bxc8 Rxc8 24. Ra3 Qc7 25. Rc3 Nd7 26. Rec1 b5 27. axb6 Nxb6 28. Be3 Kf7 29. Bxb6 Qxb6 30. Rxc4 Rxc4 31. Rxc4 Bh6 32. Qg4 Kg8 33. Qe6+ Kf8 34. Rc8+ 1-0

[Event "Titled Tuesday intern op 03rd Aug"]
[Site "Chess.com INT"]
[Date "2021.08.03"]
[Round "4"]
[White "Ulko, Jaroslav"]
[Black "Todev, Simeon"]
[Result "1-0"]
[WhiteElo "2437"]
[BlackElo "1956"]
[PlyCount "43"]
[EventDate "2021.08.03"]
[EventType "swiss (blitz)"]
[EventRounds "11"]
[EventCountry "USA"]
[SourceTitle "CBM 203 Extra"]
[Source "ChessBase"]
[SourceDate "2021.09.30"]
[SourceVersion "1"]
[SourceVersionDate "2021.09.30"]
[SourceQuality "1"]

1. d4 g6 2. Nf3 Bg7 3. e4 d6 4. c3 Bg4 5. Nbd2 Nd7 6. h3 Bxf3 7. Nxf3 e5 8. Qb3 b6 9. Bc4 Qe7 10. 0-0 Ngf6 11. Re1 0-0 12. a4 exd4 13. cxd4 Rfe8 14. e5 dxe5 15. dxe5 Nh5 16. Bg5 Qf8 17. e6 Nc5 18. exf7+ Kh8 19. fxe8Q Rxe8 20. Rxe8 Qxe8 21. Qe3 Qd7 22. Re1 1-0

[Event "Titled Tuesday intern op 03rd Aug"]
[Site "Chess.com INT"]
[Date "2021.08.03"]
[Round "8"]
[White "Ulko, Jaroslav"]
[Black "Zhuravlev, Alexey"]
[Result "1-0"]
[WhiteElo "2437"]
[BlackElo "2359"]
[PlyCount "109"]
[EventDate "2021.08.03"]
[EventType "swiss (blitz)"]
[EventRounds "11"]
[EventCountry "USA"]
[SourceTitle "CBM 203 Extra"]
[Source "ChessBase"]
[SourceDate "2021.09.30"]
[SourceVersion "1"]
[SourceVersionDate "2021.09.30"]
[SourceQuality "1"]

1. d4 Nf6 2. Nf3 g6 3. c3 Bg7 4. Bg5 0-0 5. Nbd2 d5 6. e3 b6 7. Be2 c5 8. 0-0 Nc6 9. a4 Bb7 10. Qb3 Qc8 11. h3 Re8 12. Bf4 Nd7 13. Bb5 a6 14. Be2 c4 15. Qc2 e5 16. dxe5 Ndxe5 17. b3 b5 18. b4 Nd7 19. a5 d4 20. Nxc4 bxc4 21. exd4 Ne7 22. Rfe1 Nd5 23. Bd2 N7f6 24. Ne5 Qf5 25. Qxf5 gxf5 26. f3 Rac8 27. Bxc4 Re7 28. Rac1 Rec7 29. Bd3 Nxc3 30. Bxf5 Ne2+ 31. Rxe2 Rxc1+ 32. Bxc1 Rxc1+ 33. Kh2 Nd5 34. Nd3 Rc7 35. Re8+ Bf8 36. Nc5 Kg7 37. Be4 Bxc5 38. dxc5 Nxb4 39. Rb8 Bxe4 40. Rxb4 Bc6 41. Rb6 Bb5 42. Rd6 Rxc5 43. Rd4 Rc2 44. Rg4+ Kf8 45. Rb4 Bf1 46. Rh4 Rxg2+ 47. Kh1 Rg5 48. Rxh7 Rxa5 49. Rh8+ Kg7 50. Rb8 Bxh3 51. Kg1 Be6 52. Kf2 Ra3 53. Kg3 Bd5 54. Kf4 Bxf3 55. Ke5 1-0

[Event "Titled Tuesday intern op 27th July"]
[Site "Chess.com INT"]
[Date "2021.07.27"]
[Round "10"]
[White "Ulko, Jaroslav"]
[Black "Tokman, Ariel"]
[Result "1-0"]
[WhiteElo "2437"]
[BlackElo "2316"]
[PlyCount "73"]
[EventDate "2021.07.27"]
[EventType "swiss (blitz)"]
[EventRounds "11"]
[EventCountry "USA"]
[SourceTitle "CBM 203 Extra"]
[Source "ChessBase"]
[SourceDate "2021.09.30"]
[SourceVersion "1"]
[SourceVersionDate "2021.09.30"]
[SourceQuality "1"]

1. d4 Nf6 2. Nf3 g6 3. c3 Bg7 4. Bg5 d6 5. Nbd2 h6 6. Bh4 0-0 7. e4 c5 8. dxc5 dxc5 9. Be2 Nc6 10. Qc2 g5 11. Bg3 Nh5 12. Nc4 Nxg3 13. hxg3 e6 14. e5 Bd7 15. Qe4 f5 16. exf6 Qxf6 17. 0-0-0 Rad8 18. Bd3 Qf5 19. Qe2 Qf6 20. g4 b5 21. Ncd2 b4 22. Qe4 Rfe8 23. Nc4 bxc3 24. Qh7+ Kf8 25. Kb1 Nb4 26. Bg6 c2+ 27. Bxc2 Nxc2 28. Qxc2 Bc6 29. Nfe5 Bd5 30. Rhe1 Kg8 31. f3 Re7 32. Nc6 Rb7 33. Nxd8 Qxd8 34. Rxe6 Qd7 35. Rd6 Bxb2 36. Rxd7 Bd4+ 37. Rxb7 1-0

[Event "Titled Tuesday intern op 27th July"]
[Site "Chess.com INT"]
[Date "2021.07.27"]
[Round "2"]
[White "Ulko, Jaroslav"]
[Black "Walentukiewicz, Michal"]
[Result "1-0"]
[WhiteElo "2437"]
[BlackElo "2068"]
[PlyCount "83"]
[EventDate "2021.07.27"]
[EventType "swiss (blitz)"]
[EventRounds "11"]
[EventCountry "USA"]
[SourceTitle "CBM 203 Extra"]
[Source "ChessBase"]
[SourceDate "2021.09.30"]
[SourceVersion "1"]
[SourceVersionDate "2021.09.30"]
[SourceQuality "1"]

1. d4 g6 2. e4 Bg7 3. c3 d6 4. Nf3 Nf6 5. Qc2 0-0 6. Bg5 c6 7. Nbd2 b5 8. a4 bxa4 9. Qxa4 Qc7 10. Be2 Bg4 11. h3 Bxf3 12. Bxf3 Qd7 13. Nc4 Qc7 14. e5 Nd5 15. exd6 exd6 16. 0-0 Nd7 17. Bxd5 cxd5 18. Ne3 Nb6 19. Qa6 h6 20. Bf4 g5 21. Bh2 f5 22. Ra5 f4 23. Nxd5 Nxd5 24. Rxd5 Rab8 25. Rxd6 Rxb2 26. Rc6 Qf7 27. Qc4 Qxc4 28. Rxc4 Re8 29. g3 f3 30. g4 Ra8 31. Bg3 a5 32. Ra1 Bf8 33. d5 Rc2 34. d6 Rd2 35. Rc6 a4 36. Ra3 Kf7 37. c4 Ke6 38. c5 Rd4 39. Rxf3 Kd5 40. Rc7 a3 41. d7 Kc4 42. Rc8 1-0